04875nam a2200385 a 4500001001000000003000900010005001700019007000300036008003900039040003100078082003000109100004700139245014800186264009400334300005100428336002700479337003300506338002800539490002900567500000600596504006500602505334400667590002604011650004504037650004304082650004104125650003704166651005304203651000604256700002604262910004104288942001204329952013104341999001704472000016945DO-SdBPM20251014130731.0ta100312s1998 dr ac 000 0 spa d aDO-SdBPMbspacBPMSU drda 4a306.09729bT266c 19982221 aTejeda Ortíz, Dagoberto, d1940-eautor 10aCultura popular e identidad nacional /cDagoberto Tejeda Ortiz ; presentación Víctor J. Víctor ; introducción Dagoberto Tejeda Ortíz. aSanto Domingo :bConsejo Presidencial de Cultura, Instituto Dominicano de Folklore,c1998 avolumén :bilustración , retrato ;c21 cm. atextobtxt2rdacontent asin mediaciónbn2rdamedia avolumenbnc2rdacarrier0 aEnsayos sobre folklore ; a  aIncluye referencias bibliográficas (v. 2, p. [321]-[328]).0 aTOMO II Leyendas, creencias e identidad, 1.-- La virgen de las Mercedes fue la Diferencia en El Santo Cerro, 3.-- Las brujas, ¿Mito o Realidad?, 8.-- Las brujas, no son las únicas que vuelan,13.-- Entre el amor de Vanahí y la dulzura de la ciguapa, 18.-- Lluvia y magia en las creencias populares, 23.-- La protección mágica en la cultura popular dominicana, 28.-- Animales, magia, poderes e identidad, 37.-- El Milagroso Santo Cristo de Bayaguana, 42.-- Cuando blanquearon a la Virgen y negrearon a San Juan, 47.-- Bibiana: una diosa bajada del cielo, 52.-- Lo sagrado y lo profano de la navidad, 57.-- Mitología y realidad de los Reyes Magos, 62.-- Rituales de la muerte en el folklore dominicano, 67.-- La muerte y lo imaginario de la creencias populares, 72.-- Esquelas mortuorias e identidad, 78.-- Los vivos y los muertos en el día de los difuntos, 83.-- Símbolos, raíces e identidad, 89.-- Vivienda, imágenes y simbolización, 91.-- Colorido y significado de los Rombos, 95.-- Hierro, arte popular e identidad, 99.-- Lo sagrado y lo profano de la gastronomía dominicana, 103.-- Los negros de Loíza comen la misma arepa que los "Blancos de Baní", 108.-- La muestra de la cultura campesina de Salcedo, 112.-- Modas, raíces e identidad, 116.-- La psicología popular del dominicano, 121.-- Las Historias locales y la historia nacional, 125.-- Fistas patronales e identidad, 130.-- Arte popular, 135.-- Folklore e identidad en la música popular, 137.-- Música popular, creatividad y "fusilamiento", 142.-- Merengue, desprecio e identidad, 148.-- Las Canciones populares de la clase obrera dominicana, 151.-- En Santo Domingo el Son tiene un monumento, 156.-- Cuando el Son se apoderó de Borojol, 163.-- El Son dominicano, según César Namnún, 169.-- Fogaraté, Juan Luis e identidad, 175.-- Jhonny Ventura la Miel de la identidad, 180.-- La leyenda del Mayimbe, 185.-- Kinito Méndez, Luases e identidad, 189.-- El mundo de Alicia Baroni, 194.-- Manuel Jiménez, entre hortensias y amaneceres, 199.-- Víctor Víctor se enamora con balada, son y bachata, 203.-- Joseíto Mateo, cantos y raíces, 207.-- 20 Años después: convite convida, 211.-- Nadal Walcot: El cimarronaje de la Cultura Cocola, 216.-- Con Mateo Morrison, todos aspiramos a la ternura, 221.-- Rebeldía e identidad de Federico Jovine Bermudez, 227.-- José Rodríguez: Regresa de Nuevo a Recoger la Ternura, 232.-- Insistiendo en la definición de la identidad, 237.-- Hispanidad e identidad nacional, 239.-- Halloween, entre brujas, muertos y comerciantes, 244.-- Mito y realidad de la penetración cultural haitiana, 249.-- África en Santo Domingo: La desvergüenza de los intelectuales, 254.-- África en Santo Domingo: De los orígenes a la identidad, 259.-- El lenguaje de las raíces y la expresión de la identidad, 264.-- África en Santo Domingo: El Lenguaje del cuerpo y la comunicación de los gestos, 268.-- Los caracoles de Samaná e identidad, 272.-- Por la ruta de los Cimarrones del Bahoruco, 277.-- Boca de Nigua y la hispanidad, 282.-- Trascendencia de la rebelión de Boca de Nigua, 287.-- Ayuntamiento de Nigua y el día de la africanía, 291.-- La mujer negra y el racismo, 296.—El folklore dominicano como objeto de investigación, 301.-- Fadrique: murió para nacer, 306.--  aInventariado, 2025/VM 7aCultura populardRepública Dominicana  7a Sociología zRepública Dominicana 7aNacionalismozRepública Dominicana 7aFolklorezRepública Dominicana 7aRepública DominicanaxVida social y costumbres 7a 1 aVíctor, Víctor J. aVMateo V. Control de calidad. BPMSU  2ddccBK 00102ddc708CDaBPMETbBPMETd2025-10-14l0oBPMSU CD 306.097293 T266c 1998pBPMSU25100035r2025-10-14tv.2w2025-10-14yBK c15438d15438